01352nam a22002417a 450000500170000000800410001702000150005804000070007304100120008008200200009210000200011224500450013226000370017730000280021452005740024265000310081665000370084765000420088470000220092694200120094899900190096095201310097920230627151458.0230627b ||||| |||| 00| 0 eng d a093286323X cAL aEnglish 223a323.1bKLYS aY N Kly9124949 aSocietal Development and Minority Rights aAtlantabClarity Press Incc1997 a269 p.bPBc21.5x14 cm. aAs advancing technology, environmental degradation and competitive globalization impress upon humanity the need for sustainable human-centered development, the way in which majority/minority relations are institutionalized within multinational states may be key to their societal development as a whole. In this lucid and compelling overview, international legal scholar Y. N. Kly examines the urgent international dialogue now taking place on how best to institutionalize the co-existence of dominant and nondominant ethnic groups within the same multinational state.  aCultural pluralism9124950 aMinorities--Civil rights9124951 aMinorities--Social conditions9124952 aKLY (Y N)9124953 2ddccDB c227686d227686 00102ddc40708PSaALbALd2023-06-24l0o323.1 KLYSpD05969r2023-06-27 00:00:00w2023-06-27yDBzDonated by V.T. Rajshekar